Подробности
| 000 -МАРКЕР |
| контрольное поле |
01848nam0a22003251 4500 |
| 001 - ИДЕНТИФИКАТОР ЗАПИСИ |
| контрольное поле |
rc\2933552 |
| 005 - ИДЕНТИФИКАТОР ВЕРСИИ |
| контрольное поле |
20260503061746.0 |
| 035 ## - ДРУГИЕ СИСТЕМНЫЕ НОМЕРА |
| Идентификатор записи |
(NLR Aleph) 007082807 |
| 100 ## - ДАННЫЕ ОБЩЕЙ ОБРАБОТКИ |
| Данные общей обработки |
20110821d1933 |||y0rusy50 ca |
| 101 1# - ЯЗЫК РЕСУРСА |
| Язык текста, звукозаписи и т.д. |
русский |
| Язык оригинала |
арабский |
| 102 ## - СТРАНА ПУБЛИКАЦИИ ИЛИ ПРОИЗВОДСТВА |
| Страна публикации |
Российская Федерация |
| 105 ## - ПОЛЕ КОДИРОВАННЫХ ДАННЫХ: ТЕКСТОВЫЕ МАТЕРИАЛЫ, МОНОГРАФИЧЕСКИЕ |
| Кодированные данные о монографическом текстовом документе |
a z ||||| |
| 200 1# - ЗАГЛАВИЕ И СВЕДЕНИЯ ОБ ОТВЕТСТВЕННОСТИ |
| Основное заглавие |
Ожерелье голубки |
| Первые сведения об ответственности |
Ибн Хазм |
| Последующие сведения об ответственности |
Пер. с араб. М.А. Салье |
| -- |
Под ред. И. Н. Крачковского |
| 210 ## - ПУБЛИКАЦИЯ, РАСПРОСТРАНЕНИЕ И ДР. |
| Место издания, распространения и т.д. |
Москва |
| -- |
Ленинград |
| Имя издателя, распространителя и т. д. |
Academia |
| Дата издания, распространения и т.д. |
1933 |
| Место изготовления |
Ленинград |
| Имя изготовителя |
Тип. "Печатный двор" |
| 215 ## - ФИЗИЧЕСКАЯ ХАРАКТЕРИСТИКА |
| Специфическое обозначение материала и объем |
XLIV, 276, [2] с., с заставками и концовками, 1 вкл. л. крас. илл. |
| Другие сведения о физической характеристике |
крас. ил. |
| Размеры |
18х13 см |
| 225 1# - СЕРИЯ |
| Основное заглавие серии |
Сокровища мировой литературы |
| 300 ## - ОБЩИЕ ПРИМЕЧАНИЯ |
| Текст примечания |
Супер-обл., переплет, титула, заставки и концовки: Е.Я. Хигер |
| 300 ## - ОБЩИЕ ПРИМЕЧАНИЯ |
| Текст примечания |
Вступ. ст.: "Ожерелье голубки" и его автор. М. Салье |
| 464 #0 - АНАЛИТИЧЕСКИЙ УРОВЕНЬ |
| Встроенное поле |
2001#$a"Ожерелье голубки" и его автор |
| -- |
700#1$aСалье$bМ.А.$gМихаил Александрович$f1889-1961$4070 |
| Заглавие |
"Ожерелье голубки" и его автор |
| Автор |
Салье, Михаил Александрович (1889-1961) |
| 700 #1 - ИМЯ ЛИЦА - ПЕРВИЧНАЯ ОТВЕТСТВЕННОСТЬ |
| Начальный элемент ввода |
Ибн Хазм |
| Часть имени, кроме начального элемента ввода |
А. М. А. |
| Даты |
994-1064 |
| Расширение инициалов личного имени |
Абу Мухаммед Али |
| Системный номер авторитетной/нормативной записи |
134450 |
| Идентификатор авторитетной/нормативной записи |
RU\NLR\AUTH\770134484 |
| 702 #1 - ИМЯ ЛИЦА - ВТОРИЧНАЯ ОТВЕТСТВЕННОСТЬ |
| Начальный элемент ввода |
Салье |
| Часть имени, кроме начального элемента ввода |
М.А. |
| Даты |
1889-1961 |
| Расширение инициалов личного имени |
Михаил Александрович |
| Код отношения |
Переводчик |
| 702 #1 - ИМЯ ЛИЦА - ВТОРИЧНАЯ ОТВЕТСТВЕННОСТЬ |
| Начальный элемент ввода |
Крачковский |
| Часть имени, кроме начального элемента ввода |
И.Н. |
| Код отношения |
Редактор |
| 702 #1 - ИМЯ ЛИЦА - ВТОРИЧНАЯ ОТВЕТСТВЕННОСТЬ |
| Код отношения |
Прочие |
| Начальный элемент ввода |
Хигер |
| Часть имени, кроме начального элемента ввода |
Е. Я. |
| Дополнения к именам, кроме дат |
художник-график |
| Даты |
1899-1956 |
| Расширение инициалов личного имени |
Ефим Яковлевич |
| Системный номер авторитетной/нормативной записи |
129353 |
| Идентификатор авторитетной/нормативной записи |
RU\NLR\AUTH\770129384 |
| 801 #0 - ИСТОЧНИК ЗАПИСИ |
| Страна |
Российская Федерация |
| Организация |
NLR |
| Правила каталогизации |
psbo |
| 801 #1 - ИСТОЧНИК ЗАПИСИ |
| Страна |
Российская Федерация |
| Организация |
ELAR |
| Источник данных |
rusmarc |
| 852 ## - МЕСТОНАХОЖДЕНИЕ И ШИФР ХРАНЕНИЯ |
| Идентификатор организации |
NLR |
| Шифр хранения (Call Number) |
33-2/354 |
| 942 ## - ДОПОЛНИТЕЛЬНЫЕ ЭЛЕМЕНТЫ ЗАПИСИ (АБИС) |
| Тип экземпляра АБИС |
Книга |
| 980 ## - КОЛЛЕКЦИЯ |
| Название коллекции |
Национальная библиография |